OS to buy in data (Record no. 67365)
[ view plain ]
| 000 -LEADER | |
|---|---|
| fixed length control field | 00656cam a2200181 4500 |
| 001 - CONTROL NUMBER | |
| control field | WB3724-35 |
| 008 - FIXED-LENGTH DATA ELEMENTS--GENERAL INFORMATION | |
| fixed length control field | 000000n2001 000 0 eng u |
| 035 ## - SYSTEM CONTROL NUMBER | |
| System control number | (Sirsi) u113142 |
| 245 ## - TITLE STATEMENT | |
| Title | OS to buy in data |
| 260 ## - PUBLICATION, DISTRIBUTION, ETC. | |
| Date of publication, distribution, etc. | 2001 |
| 490 ## - SERIES STATEMENT | |
| Series statement | Surveying World |
| Volume/sequential designation | 9(4) May/June 2001, 7(1) |
| 520 ## - SUMMARY, ETC. | |
| Summary, etc. | Improvements are to be made to the national topographic database (NTD). Ordnance Survey Great Britain plans to purchase more third party data from developers to add to the NTD, which will mean faster updates. |
| 590 ## - LOCAL NOTE (RLIN) | |
| Local note | WB |
| 650 ## - SUBJECT ADDED ENTRY--TOPICAL TERM | |
| Topical term or geographic name entry element | NATIONAL TOPOGRAPHIC DATABASE |
| 650 ## - SUBJECT ADDED ENTRY--TOPICAL TERM | |
| Topical term or geographic name entry element | ORDNANCE SURVEY |
| 690 ## - LOCAL SUBJECT ADDED ENTRY--TOPICAL TERM (OCLC, RLIN) | |
| Topical term or geographic name as entry element | MAPPING AND MEASUREMENT |
| 942 ## - ADDED ENTRY ELEMENTS (KOHA) | |
| Suppress in OPAC | 0 |
| Withdrawn status | Lost status | Source of classification or shelving scheme | Damaged status | Not for loan | Home library | Current library | Shelving location | Date acquired | Total Checkouts | Full call number | Barcode | Date last seen | Copy number | Price effective from | Koha item type |
|---|---|---|---|---|---|---|---|---|---|---|---|---|---|---|---|
| Dewey Decimal Classification | London | London | News article | 19/06/2001 | WB3724-35 | 113142-1001 | 06/08/2019 | 1 | 06/08/2019 | News article |